| 000 | 00347nam a2200097Ia 4500 | ||
|---|---|---|---|
| 008 | 180130s9999 xx 000 0 und d | ||
| 245 |
_cRamsbrock, Daniel; Wang, Xinyuan _aThe botnet problem |
||
| 260 | _c2013 | ||
| 300 | _aBook title: Computer and information security handbook--Acession number C20545; pages 223-238 | ||
| 650 | _aINFORMATION SECURITY | ||
| 999 |
_c354135 _d354135 |
||